000 00691nam a22002177a 4500
005 20140310183639.0
008 131214b xxu||||| |||| 00| 0 eng d
020 _a9780080966489
050 _aTX 911.3.P4
_b.N53 2013
100 _aNickson, Dennis.
245 _aHuman resource management for the hospitality and tourism industries /
_cDennis Nickson.
250 _a2nd ed.
260 _aLondon :
_bRouteledge,
_c2013.
300 _a352 p. ;
_c25 cm.
504 _aIncludes Bibliographic References and Index.
521 _aTOU
650 _aHospitality industry
_xPersonnel management.
650 _aTourism
_xPersonnel management.
942 _2lcc
_cBK
_kFOR
999 _c25774
_d25774